[Event "FRA-chT Top 12"]
[Site "Brest"]
[Date "2019.05.27"]
[Round "10.1"]
[White "Fedorov, Alexei"]
[Black "Nihal, Sarin"]
[Result "1/2-1/2"]
[WhiteElo "2566"]
[BlackElo "2598"]
[Annotator "Nihal,Sarin"]
[PlyCount "42"]
[EventDate "2019.05.18"]
[EventType "team-tourn"]
[EventRounds "11"]
[EventCountry "FRA"]
[SourceTitle "CBM 190 Extra"]
[Source "ChessBase"]
[SourceDate "2019.07.15"]
[SourceVersion "1"]
[SourceVersionDate "2019.07.15"]
[SourceQuality "1"]
[WhiteTeam "Gonfreville l'Orcher"]
[BlackTeam "Mulhouse"]
[WhiteTeamCountry "FRA"]
[BlackTeamCountry "FRA"]
[TimeControl "40/5400+30:1800+30"]

1. e4 {[%emt 0:00:00]} c5 {[%emt 0:00:00] Had to work hard to save a worse
position today} 2. Ne2 {[%emt 0:01:42]} Nc6 {[%emt 0:01:18]} 3. Nbc3 {[%emt 0:
00:30]} Nf6 {[%emt 0:01:55]} 4. g3 {[%emt 0:00:28]} d5 {[%emt 0:03:45]} 5. exd5
{[%emt 0:00:56]} Nxd5 {[%emt 0:00:09]} 6. Bg2 {[%emt 0:00:18]} Nxc3 {[%emt 0:
00:47]} 7. Nxc3 {[%emt 0:01:14]} h5 {[%emt 0:24:53]} (7... e6 8. O-O Be7 9. d3
Nd4 10. Ne4 Bd7 11. c3 Nf5 12. Qh5 O-O 13. Rd1 g6 14. Qe2 Bc6 15. h4 h5 16. Bf4
Qd7 17. Rd2 Rad8 18. Rad1 Bd5 19. b3 b6 20. Ng5 Bf6 21. Be5 Be7 22. Bf4 Rfe8
23. Ne4 f6 24. d4 cxd4 25. cxd4 Qb7 26. Kh2 Kf7 27. f3 Rd7 28. Qf2 Red8 29. Nc3
Bb4 30. Rd3 Bc6 31. g4 Nxd4 32. Rxd4 Rxd4 33. Rxd4 Bc5 34. Be3 Bxd4 35. Bxd4 e5
36. Bxe5 fxe5 37. gxh5 {Li,R (2574)-Stukopin,A (2586) Saint Louis 2017 1/2-1/2}
) 8. d3 {[%emt 0:11:37]} Bg4 {[%emt 0:20:07]} 9. Bxc6+ {[%emt 0:03:28]} bxc6 {
[%emt 0:03:12]} 10. f3 {[%emt 0:00:07]} Bf5 $146 {[%emt 0:04:32]} (10... Be6
11. b3 g6 12. Bb2 Bg7 13. Na4 Bxb2 14. Nxb2 Qd4 15. Na4 Bd5 16. c3 Qe3+ 17. Qe2
Qxf3 18. Qxf3 Bxf3 19. Rf1 Bg4 20. Nxc5 h4 21. Kf2 hxg3+ 22. Kxg3 Bf5 23. h4
Rd8 24. d4 Rd5 25. Rae1 Bc8 26. Re5 Rxe5 27. dxe5 Rh5 28. Re1 Kf8 29. b4 g5 30.
hxg5 Rh3+ 31. Kf4 Rxc3 32. Re3 Rc4+ 33. Re4 Rc2 34. Rd4 Kg7 35. a3 a5 36. Rd8
Rc4+ 37. Kg3 Bf5 38. Re8 axb4 39. axb4 e6 40. Nd7 {Dorawa,B (2001)-Bogdanovich,
G (2376) Jena 1999 0-1 (80)}) 11. Be3 {[%emt 0:08:50]} Rb8 {[%emt 0:05:31]} 12.
b3 {[%emt 0:01:46]} g6 {[%emt 0:02:34]} 13. Na4 {[%emt 0:15:26]} Bg7 {[%emt 0:
01:04]} 14. Rc1 {[%emt 0:00:27]} Bd4 {[%emt 0:07:34]} 15. Qd2 {[%emt 0:05:47]}
Qd5 {[%emt 0:00:42]} 16. Kf2 {[%emt 0:01:06]} O-O {[%emt 0:10:02]} 17. Rhe1 {
[%emt 0:01:05]} Rfe8 {[%emt 0:00:40]} 18. Rcd1 {[%emt 0:03:32]} Rbd8 {[%emt 0:
01:19]} 19. Qa5 {[%emt 0:04:42]} c4 {[%emt 0:04:00]} 20. Qxd5 {[%emt 0:04:40]}
Bxe3+ {[%emt 0:00:01]} 21. Kxe3 {[%emt 0:13:19]} cxd5 {[%emt 0:00:06] Mulhouse
Philidor won again, and we remain at the third place in the French League
going into the last round.} 1/2-1/2

[Event "Stepanakert Petrosian Memorial"]
[Site "Stepanakert"]
[Date "2004.03.16"]
[Round "8"]
[White "Petrosian, Tigran L"]
[Black "Pelletier, Yannick"]
[Result "1/2-1/2"]
[WhiteElo "2477"]
[BlackElo "2587"]
[Annotator "Pelletier,Y"]
[PlyCount "73"]
[EventDate "2004.03.09"]
[EventType "tourn"]
[EventRounds "9"]
[EventCountry "ARM"]
[EventCategory "13"]
[SourceTitle "EXT 2005"]
[Source "ChessBase"]
[SourceDate "2004.11.15"]
[SourceVersion "1"]
[SourceVersionDate "2004.11.15"]
[SourceQuality "1"]

1. e4 c5 2. Nc3 d6 3. f4 g6 4. Nf3 Bg7 5. Bc4 Nc6 6. O-O e6 7. d3 Nge7 8. Qe1
O-O 9. f5 gxf5 10. Qg3 fxe4 11. dxe4 Nd4 $6 (11... Ng6 {ist besser, wie in der
Partie Macieja-Dominguez, OL-Bled 2002. Ich hatte diese Variante am selben
Morgen überprüft, verwechselte aber die Zugfolge. Tja, an diesem Turnier lief
für mich ziemlich alles schief...}) 12. Nxd4 cxd4 13. Bh6 Ng6 14. Bxg7 Kxg7 15.
Nb5 e5 (15... h5 $2 16. Nxd6 h4 17. Qa3 $16) (15... d5 $2 16. exd5 e5 17. d6
$16) (15... Qh4 $2 16. Qxh4 (16. Qxd6 Rd8) 16... Nxh4 17. Nxd6 $16 {xd4}) 16.
Qa3 $1 {Diesen Zug hatte ich völlig übersehen, aber zum Glück ist Schwarz noch
nicht verloren.} Be6 17. Bxe6 ({Die Fortsetzung} 17. Nxd6 Bxc4 18. Nxc4 Rc8 {
[%csl Gc2] wäre gut für Weiss, wenn der Springer problemlos nach f5 gelangen
könnte. Aber im Moment hängt noch c2, weshabl die Stellung unklar ist.}) 17...
fxe6 18. Rxf8 Kxf8 ({Fritz gibt die furchtlose Fortsetzung} 18... Nxf8 {
an, wobei Weiss im Fall von} 19. Nxd6 Qb6 20. Rf1 d3+ 21. Kh1 dxc2 22. Qf3 Qxd6
23. Qf6+ Kg8 24. Qf7+ Kh8 {Dauerschach geben muss. Dass aber irgendwo auf dem
Weg eine Verbesserung zu finden ist, erscheint mir möglich.}) 19. Rf1+ ({
Schwarz hält auch im Fall von} 19. Nxd6 {nur ganz knapp, z.B:} Kg8 20. Nxb7 Qb6
21. Nc5 (21. Qb3 Qc6 22. Na5 Qxe4 23. Qxe6+ Kg7 $13) 21... Rc8 22. b4 a5 $44)
19... Kg8 20. Nxd6 Qb6 ({Auch möglich war} 20... Qc7 $5 $13 {mit der Idee} 21.
c4 $6 dxc3 22. bxc3 Rd8 $36) 21. Rf2 $5 {Etwas genauer als 21.Kh1 wegen der
Grundreiheschwäche. Die Alternativen lauten:} (21. h4 $2 d3+ 22. Kh2 dxc2 23.
h5 Rf8 $1 $17 (23... Qa6 24. Qxa6 bxa6 25. hxg6 Rd8 26. gxh7+ Kxh7 27. Rc1 Rxd6
28. Rxc2 $16)) (21. Kh1 Qc6 $5 22. c4 dxc3 23. bxc3 Rd8 24. Rd1 a5 $13) (21.
Nc4 Qc6 22. Qd3 Rc8 $11) 21... Qc6 (21... d3 $2 {sieht gut aus, scheiter aber
an} 22. Nc4 $1 dxc2 23. Nxb6 c1=Q+ 24. Rf1 {mit Materialeinbüsse.}) 22. h4 $1
Rf8 (22... Nxh4 $2 23. Qh3 Qxd6 24. Qxh4 $40 {/+/-}) 23. Rxf8+ (23. h5 $2 Rxf2
24. Kxf2 Qxc2+) 23... Nxf8 24. h5 ({Nach} 24. Qg3+ Ng6 25. h5 Qxd6 26. hxg6 h6
$1 {hält sich Schwarz über Wasser:} 27. Qf3 Qe7 28. Qh5 Qg5 29. Qxg5 hxg5 30.
g4 $11 {Der Bauer g6 ist verurteilt, aber Schwarz kann davon keinen Nutzen
ziehen.}) 24... Nd7 $5 (24... b6 25. Qg3+ Ng6 26. hxg6 Qxd6 27. gxh7+ Kxh7 $14)
25. Kh2 (25. h6 Nf8 26. Kh2 Ng6 27. c4 {wäre eine andere Idee, aber Schwarz
ist in Ordnung nach} dxc3 28. bxc3 Qc7 29. c4 Qe7 $11) 25... h6 (25... b6 $2
26. h6 Nf8 27. Qxa7) 26. Kh3 ({Weiss versucht, seine Königsstellung maximal zu
verbessern, aber schlussendlich fehlt doch was zum Gewinn. Nach} 26. Qg3+ Kf8
27. Qf3+ (27. Qa3 $11) 27... Ke7 28. Nf7 Qxc2 (28... Nf6 $2 29. Nxh6 Qxe4 (
29... Qe8 30. Kg1 $5 $16) 30. Ng8+ Kf7 31. Qxf6+ Kxg8 32. Qxe6+ Kh7 33. Qf6 $36
) 29. Nxh6 d3 {hat Schwarz Gegenspiel:} 30. Qf7+ Kd6 31. Qe8 Qf2 32. Nf7+ Kc7
33. Qd8+ Kc6 34. Qc8+ Kb6 35. Qxd7 Qh4+ {mit Dauerschach.}) 26... b5 27. Kh4 ({
Das ist aber übertrieben! Aussichtsreicher war} 27. Qg3+ Kf8 28. Qf3+ (28. Qa3
$11) 28... Ke7 29. Nf7 Qxc2 30. Nxh6 d3 (30... Qc1 31. Ng8+ {/\ h6}) 31. Qf7+
Kd6 32. Qe8 Qc6 33. Nf7+ Kc7 34. Qd8+ Kb7 {, auch wenn Schwarz hier genug
Chancen haben sollte, um Remis zu machen.}) 27... Kh7 ({Fritz gibt Schwarz in
der Fortsetzung} 27... a5 28. Qg3+ Kf8 29. Qf3+ Ke7 30. Nf7 Qxc2 31. Nxh6 d3
32. Ng4 d2 33. Nf2 Qxb2 34. h6 Nf8 {klaren Vorteil. Mir scheint es hier aber
völlig unklar zu sein.}) 28. Kh3 Kg8 29. Kh4 Kh7 30. Qg3 Qxd6 31. Qg6+ Kh8 32.
Qxh6+ Kg8 33. Qg6+ Kf8 (33... Kh8 34. Qf7 {gibt unnötig Ärger:} Nf8 35. h6 Qe7+
36. Qxe7 Ng6+ 37. Kg5 Nxe7 38. Kf6 Nc6 39. g4 $36 {und nur Weiss kann hier
gewinnen.}) 34. Qh6+ Kg8 35. Qg5+ Kf7 36. Qg6+ Kf8 37. Qh6+ 1/2-1/2

[Event "EU-Cup 16th"]
[Site "Neum"]
[Date "2000.09.27"]
[Round "4.1"]
[White "Ponomariov, Ruslan"]
[Black "Van Wely, Loek"]
[Result "1/2-1/2"]
[WhiteElo "2630"]
[BlackElo "2643"]
[Annotator "Ponomariov,R"]
[PlyCount "81"]
[EventDate "2000.09.24"]
[EventType "team-swiss"]
[EventRounds "7"]
[EventCountry "BIH"]
[SourceTitle "CBM 080"]
[Source "ChessBase"]
[SourceDate "2001.01.25"]
[SourceVersion "1"]
[SourceVersionDate "2001.01.25"]
[SourceQuality "1"]
[WhiteTeam "Donetsk"]
[BlackTeam "Breda"]
[WhiteTeamCountry "UKR"]
[BlackTeamCountry "NED"]

1. e4 c5 2. Nc3 d6 3. Bb5+ $5 Bd7 4. a4 Nc6 5. d3 g6 6. Bg5 $1 Bg7 7. Nge2 Nf6
(7... Nd4 8. O-O Nxb5 9. axb5 h6 10. Be3 Nf6 11. Qc1 Ng4 12. Bd2 f5 13. h3 Ne5
14. f4 Nf7 15. exf5 gxf5 16. Be3 O-O 17. d4 b6 18. Qd2 e6 19. Ng3 $14 {
Balashov-Zagrebelny, Moscow 1996}) (7... h6 8. Be3 Nd4 9. O-O Bxb5 10. Bxd4
cxd4 11. Nxb5 e5 12. c3 $16 {Balashov-Savon, St Petersburg 1996}) 8. O-O O-O 9.
Qd2 Nd4 $5 (9... a6 10. Bxc6 Bxc6 11. Bh6 b5 12. Bxg7 Kxg7 13. f4 $36 d5 $140
$6 14. e5 Nd7 15. d4 $16 {ץc6}) 10. Nxd4 cxd4 11. Ne2 (11. Nd5 Nxd5 12. exd5
Bxb5 13. axb5 Qd7 $13 {קb5, d5, a7, e7}) 11... d5 $1 12. e5 Ng4 13. Qb4 $1 (
13. Bxd7 Qxd7 14. f4 f6 15. exf6 exf6 16. Bh4 f5 $15) 13... Bxb5 (13... Re8 14.
e6 fxe6 15. Bxd7 Qxd7 16. h3 Nf6 17. Nxd4 $36) 14. Bxe7 $1 a5 $8 (14... Qc7 15.
Bxf8 Qxe5 16. Ng3 $18) 15. Qa3 Qc7 16. Bd6 $1 Qxc2 17. Nxd4 Qd2 $1 (17... Qxd3
18. Nxb5 Qxa3 19. Rxa3 $16) 18. Nf3 Qxd3 $1 (18... Qf4 19. axb5 Nxe5 20. Kh1 $1
$16 {/\d4}) 19. axb5 Qxa3 20. bxa3 Rfe8 21. Rfe1 f6 22. e6 Ne5 23. Nxe5 fxe5 $1
(23... Rxe6 24. Nxg6 (24. Rad1 $5 Rxd6 25. Nc4 Rdd8 26. Nb6 Rab8 27. Nxd5 $14)
24... Rxe1+ 25. Rxe1 hxg6 26. Re7 Rc8 27. g3 Bf8 28. Rd7 Bxd6 29. Rxd6 Kf7 30.
Rxd5 Ke6 31. Rd4 Rc5 32. a4 $14) 24. Bxe5 Rac8 $1 25. h4 (25. g4 $5) 25... h5
$1 $11 26. Bxg7 Kxg7 27. Rad1 Rc5 28. Re5 Rxb5 29. Rexd5 Rxd5 30. Rxd5 b6 $1
31. Rd6 b5 32. Rb6 b4 33. axb4 axb4 34. f3 Kf6 35. Kf2 Rxe6 36. Rxb4 Ra6 37.
Ke3 Ra2 38. g3 Ra3+ 39. Ke4 Ra6 40. Rc4 Ke6 41. Kf4 1/2-1/2

[Event "Tata Steel-A 74th"]
[Site "Wijk aan Zee"]
[Date "2012.01.21"]
[Round "7"]
[White "Karjakin, Sergey"]
[Black "Topalov, Veselin"]
[Result "1-0"]
[WhiteElo "2769"]
[BlackElo "2770"]
[Annotator "Postny,E"]
[PlyCount "197"]
[EventDate "2012.01.14"]
[EventType "tourn"]
[EventRounds "13"]
[EventCountry "NED"]
[EventCategory "21"]
[SourceTitle "CBM 147"]
[Source "ChessBase"]
[SourceDate "2012.03.16"]
[SourceVersion "1"]
[SourceVersionDate "2012.03.16"]
[SourceQuality "1"]

1. e4 c5 2. Nc3 {Avoiding the main Sicilian battle.} d6 3. f4 g6 4. Nf3 Bg7 5.
Bb5+ {The point of inviting the bishop to d7 is to block the d-file for
Black's queen, so that Black won't be able to prepare the advance ...d6-d5 so
easily.} (5. Bc4 Nc6 6. O-O e6 7. d3 Nge7 {[%cal Gd6d5] is another theoretical
position which Karjakin wanted to avoid in the current game.}) 5... Bd7 6. Bc4
Nc6 7. O-O Na5 {Driving away the bishop from its active outpost. On the other
hand Black's knight also will have to retreat to c6 sooner or later, losing
some time.} (7... Nf6 $6 {is very risky.} {The following encounter is a blitz
game:} 8. e5 $1 Nh5 $6 (8... dxe5 9. fxe5 Ng4 10. Bxf7+ $1 Kxf7 11. e6+ Ke8 12.
exd7+ Qxd7 13. d3 $14) 9. Ng5 e6 (9... O-O $142 10. e6 $14) 10. d4 O-O 11. d5
Na5 12. Be2 $18 {1-0 Karjakin,S (2763)-Nielsen,P (2693)/Beijing 2011/CB00_2012
(25)}) 8. Be2 {White should preserve the bishop.} (8. d3 $6 Nxc4 9. dxc4 Bxc3
10. bxc3 Bc6 11. e5 Qc7 12. Qd3 f5 13. Ng5 h6 14. Qh3 dxe5 15. Be3 e4 16. Ne6
Qc8 17. Nxc5 Nf6 $15 {0-1 Carlsen,M (2815)-Anand,V (2817)/Monte Carlo 2011/CBM
142 (45)}) 8... Nf6 9. d3 (9. e5 $6 dxe5 10. fxe5 $2 (10. Nxe5 $11) 10... Ng4
11. d4 cxd4 12. Qxd4 Nc6 $17 {[%csl Re5]}) 9... O-O 10. Qe1 {A typical
manoeuvre. The queen is heading to h4. White, in fact, is playing a sort of
Dutch Defence with reversed colours, where the queen transfer Qd8-e8-h5 is
quite common as well.} Nc6 11. Qh4 Nd4 12. Bd1 {Naturally, White had in mind
the game Gashimov-Cheparinov (see below). Topalov was, obviously, ready to
improve over the game of his second Ivan Cheparinov, but Karjakin was the
first one to deviate. In fact, the move in the text already appeared in
practice.} (12. Nxd4 cxd4 13. Nb1 Rc8 (13... Qc8 $1 14. Bd1 Bg4 {Perhaps,
Topalov would unleash this improvement if Karjakin repeated this game. Black
is fine here.}) 14. Bd1 Rc5 15. Nd2 Qc7 16. Nf3 Rxc2 17. Bxc2 Qxc2 18. Ne1 Qd1
19. b3 $14 {1-0 Gashimov,V (2757)-Cheparinov,I (2650)/Porto Carras 2011/EXT
2012 (38)}) 12... Rc8 13. Kh1 (13. Be3 Qb6 14. Rb1 a5 15. h3 e6 16. g4 Bc6 17.
Nxd4 cxd4 18. Bf2 e5 $15 {1/2-1/2 Bonatti,W-Molo,R/Argentina 1996/Corr 2000 
(28)}) 13... b5 $6 {This move seems to me a waste of time.} (13... e6 14. Nxd4
cxd4 15. Nb1 h5 $1 {[%cal Gf6g4] This way Black is going to harass White's
active queen, forcing it either to exchange or to retreat.}) 14. Nxd4 cxd4 15.
Nb1 {This is stronger than 15.Ne2. The knight will come out to d2 and f3 or b3
according to circumstances.} Rc5 $6 {Correct idea but wrong interpretation.} (
15... Rc7 $1 16. Nd2 Qc8 17. Nb3 (17. Nf3 Rxc2 18. Bxc2 Qxc2 {[%csl Rd3]} 19.
Ne1 Qd1 {Without the inclusion of moves Kg1-h1 and b7-b5 the position is
identical to the one that arose in the above-mentioned game
Gashimov-Cheparinov. Here Black is fine as the Rf1 is not protected and White
can't move his knight.} 20. Qf2 (20. b3 $6 Ng4 21. Bb2 $4 Qe2 $19 {[%csl Rb2,
Rf1]}) 20... Ng4 21. Qd2 Qxd2 22. Bxd2 f5 23. exf5 Bxf5 $44) 17... Bg4 18. Nxd4
Bxd1 19. Rxd1 Qg4 $1 {At first sight, it is surprising that Black offers an
exchange of queens after pawn sacrifice, but White has concrete tactical
problems.} 20. Qe1 (20. Qxg4 $2 Nxg4 21. Nxb5 Rb7 $19 {[%csl Rb5][%cal Gg4f2]})
20... Nh5 21. h3 Qg3 22. c3 Bxd4 23. cxd4 Qxe1+ 24. Rxe1 f5 $1 $44) 16. Nd2 Qc7
{Topalov is going for an exchange sacrifice, the same idea as in the
above-mentioned game Gashimov-Cheparinov.} 17. Nb3 Rxc2 {Now it's forced, the
decision had to be made one move earlier.} 18. Bxc2 Qxc2 19. Qg3 Rc8 (19... Nh5
20. Qf3 f5 21. e5 Bc6 22. Nxd4 Bxf3 23. Nxc2 Be2 24. Re1 Bxd3 25. Nd4 $14) 20.
f5 (20. Nxd4 $2 {fails to} Nxe4 $1 21. Qe3 Nf2+ $1 22. Qxf2 Qxf2 23. Rxf2 Bxd4
$15) 20... Qe2 21. Bg5 $2 {This is too ambitious.} ({It was possible to
complete the development without leaving queenside pawns "en prise":} 21. Bd2
Rc2 22. Rae1 Qh5 23. Bc1 $16) 21... Qxb2 22. Rab1 Qxa2 23. Nxd4 Qa4 $1 24. Ne2
Rc2 25. Qf3 gxf5 $5 {Principled, but risky. Quite typical for Topalov's style.}
(25... b4 26. Ra1 (26. Nd4 Ra2 $8 (26... Rc8 $4 27. Ra1 $18 {[%csl Ra4]}) 27.
Rbc1 $44) 26... Ra2 27. Rac1 Rc2 $11) (25... a5 26. Ra1 Qb4 27. Rab1 (27. Rfb1
$2 Ra2 $1 $17 {is a nice trick.}) 27... Qc5 28. Be3 Qc7 29. Nd4 Rc5 $13) 26.
Ng3 fxe4 27. Nxe4 Nxe4 28. dxe4 $2 (28. Qxf7+ $1 Kh8 29. Qxe7 (29. dxe4 $2 Qxe4
30. Rg1 Rxg2 $1 31. Rxg2 Qxb1+ 32. Rg1 Bc6+ $19) 29... Nf2+ 30. Kg1 $1 (30.
Rxf2 $2 Rxf2 31. Qxd7 Qd4 32. Qe8+ Rf8 33. Qxb5 Be5 $17) {[%tqu "En","How
should Black continue?","","","f2h3","",10]} 30... Nh3+ $1 31. gxh3 Qa2 32.
Rf8+ (32. Qd8+ Qg8 33. Qxg8+ Kxg8 34. Bf6 Bc6 $11) 32... Bxf8 33. Qxf8+ Qg8 {
The bishop is pinned and can't deliver mate, so it ends with perpetual check.}
34. Qf6+ Qg7 35. Qd8+ $11 {Not a very long line, but difficult to calculate
for a human player.}) 28... f6 {Now Black's king is safe again.} 29. Ra1 Ra2 $2
(29... Qc4 $1 {This one is obvious, but Black's next punch is easy to overlook.
} 30. Rxa7 Bg4 $1 31. Ra8+ Kf7 32. Qf4 Qe2 33. Rg1 Rc4 $19 {[%csl Re4]}) 30.
Rac1 Rc2 31. Ra1 $2 (31. Rxc2 Qxc2 32. Rc1 Qa2 33. Be3 $44 {[%cal Gc1c7]})
31... Qd4 $2 {Again there was a chance for 31...Qc4! like on move 29.} 32. Be3
Qe5 33. Bf4 Qe6 {Correctly avoiding the repetition.} 34. Qg3 Kf8 $2 {Why give
up a pawn for nothing?} (34... Qxe4 35. Rfe1 Qg6 36. Qxg6 hxg6 37. Rxe7 Bc6 $17
) (34... Rc7 {was also a good option, simply protecting the pawn.} 35. Bh6 Qg4
$17) 35. Rxa7 b4 36. Rb7 Re2 $2 {This is just a nervous slip.} (36... Rc4 37.
Rb8+ Kf7 38. Bh6 Qg4 (38... Bxh6 $4 39. Qg8#) 39. Qxg4 Bxg4 40. Bxg7 Kxg7 41.
Rb1 Rxe4 42. R8xb4 $11) 37. Qf3 Rc2 (37... Rxe4 $4 38. Rxd7 $1 $18 {Perhaps
this was what Topalov blundered in his calculations.}) 38. Rxb4 {Black's
passed pawns belong to history, now he has to fight for a draw.} Qg4 39. Rb7
Qxf3 40. gxf3 Be8 41. Rc1 Rxc1+ 42. Bxc1 {It is difficult to give a clear
verdict on this endgame. Perhaps, Black should hold it with precise play, but
in practice it's not an easy task.} Bg6 43. Bf4 Bf7 44. Kg2 Be6 45. Bd2 Ke8 46.
Rb5 Kf7 47. f4 Bd7 48. Ra5 f5 $1 {Without this move Black will be just
squeezed slowly.} 49. exf5 Bf6 50. Kf3 h5 51. Ke4 Bc6+ 52. Kd3 Bg2 53. Be3 Bf1+
54. Kd2 Bg2 55. Bb6 $1 {Preparing the exchange of dark squared bishops.} Be4
56. Ke3 Bc2 57. Bd4 Bxd4+ 58. Kxd4 Kf6 59. Ra8 Bxf5 60. Rf8+ Ke6 $2 (60... Kg6
$1 {Black must keep the g5-square under control. I don't see a clear winning
plan for White.} {For instance:} 61. Rh8 Be6 62. Ke4 Bf5+ 63. Kf3 Be6 64. Kg3
Bf7 65. Kh4 Kf6 66. Rh6+ Bg6 {and White didn't make any progress.}) 61. Ke3 {
[%csl Gg5][%cal Ge3f3,Gf3g3,Gg3h4,Gh4g5]} Bg6 62. Kf3 Bf7 63. f5+ Kf6 64. Kf4
Kg7 65. Rb8 Kf6 66. Rd8 {Zugzwang!} e5+ (66... Bc4 67. Rh8 Bf7 68. Rh6+ Kg7 69.
Kg5 {followed by f5-f6 achieving a theoretically winning position.}) 67. fxe6
Bxe6 68. Rxd6 {This position is lost and it doesn't matter where Black's
h-pawn stands. Until the end of the game Karjakin never went astray.} h4 69.
Rb6 h3 70. Rc6 Kf7 71. Ke5 Bg4 72. Rc4 Bd7 73. Rc7 Ke8 74. Kd6 Bg4 75. Re7+ Kf8
76. Re4 Bc8 77. Kc7 Ba6 78. Re3 Kg7 79. Rxh3 Kg6 80. Kd6 Kg5 81. Ke5 Be2 82.
Rg3+ Kh6 83. Kf5 Bd1 84. Rh3+ Kg7 85. Kg5 Be2 86. Re3 Bd1 87. Re7+ Kf8 88. Kf6
Kg8 89. Kg6 {If White's pawn were on h5, the position would be drawn, now it's
won.} Bc2+ 90. Kh6 Kf8 91. Rg7 Bd3 92. Rg5 Kf7 93. Rg3 Bc2 94. Rg7+ Kf8 95. Rg2
Be4 96. Rg4 Bc2 97. Rg5 Kf7 98. Kh5 Kf6 (98... Bd1+ 99. Kh4 Kf6 {would be more
stubborn, not allowing the white king to get off the h-file so easily. Here is
the winning path:} 100. Rg2 $1 Kf5 101. Rd2 Ba4 102. Kh5 Be8+ 103. Kh6 Kg4 104.
Rd8 Bb5 105. Kg6 Bf1 106. Rh8 Bh3 107. Kf6 Bf1 108. h4 $18) 99. Kg4 1-0